<?xml version="1.0" encoding="UTF-8"?><?xml-stylesheet type="text/xsl" href="static/style.xsl"?><OAI-PMH xmlns="http://www.openarchives.org/OAI/2.0/" xmlns:xsi="http://www.w3.org/2001/XMLSchema-instance" xsi:schemaLocation="http://www.openarchives.org/OAI/2.0/ http://www.openarchives.org/OAI/2.0/OAI-PMH.xsd"><responseDate>2026-06-01T22:02:37Z</responseDate><request verb="GetRecord" identifier="oai:riuma.uma.es:10630/37332" metadataPrefix="marc">https://riuma.uma.es/rest/oai/request</request><GetRecord><record><header><identifier>oai:riuma.uma.es:10630/37332</identifier><datestamp>2026-02-03T10:57:24Z</datestamp><setSpec>com_10630_2254</setSpec><setSpec>col_10630_37953</setSpec></header><metadata><record xmlns="http://www.loc.gov/MARC21/slim" xmlns:dcterms="http://purl.org/dc/terms/" xmlns:doc="http://www.lyncode.com/xoai" xmlns:xsi="http://www.w3.org/2001/XMLSchema-instance" xsi:schemaLocation="http://www.loc.gov/MARC21/slim http://www.loc.gov/standards/marcxml/schema/MARC21slim.xsd">
   <leader>00925njm 22002777a 4500</leader>
   <datafield ind2=" " ind1=" " tag="042">
      <subfield code="a">dc</subfield>
   </datafield>
   <datafield ind2=" " ind1=" " tag="720">
      <subfield code="a">Salguero-Noguera, José Martín</subfield>
      <subfield code="e">author</subfield>
   </datafield>
   <datafield ind2=" " ind1=" " tag="720">
      <subfield code="a">Ramos-Cejudo, Juan</subfield>
      <subfield code="e">author</subfield>
   </datafield>
   <datafield ind2=" " ind1=" " tag="720">
      <subfield code="a">García-Sancho, Esperanza</subfield>
      <subfield code="e">author</subfield>
   </datafield>
   <datafield ind2=" " ind1=" " tag="260">
      <subfield code="c">2019</subfield>
   </datafield>
   <datafield ind2=" " ind1=" " tag="520">
      <subfield code="a">Metacognitive beliefs and emotional dysregulation are theoretically relevant and empirically supported variables for explaining worry and emotional symptoms in generalized anxiety disorder (GAD). These variables are proposed in alternative models of GAD and tested in separate research. This study first examined the relationships between metacognitive beliefs and emotional dysregulation and, second, analyzed the specific contribution of these variables to worry and emotional GAD symptoms. Correlation analyses revealed participants (n = 768) who had dysfunctional beliefs about their cognitive functioning also tended to have more difficulties with emotional regulation. Structural equation analyses revealed metacognitive beliefs and emotional dysregulation have a specific contribution to worry and emotional symptoms in GAD. We found strong correlations between metacognitive beliefs and worry, and between emotional dysregulation and emotional GAD symptoms. Moreover, the associations of metacognitive beliefs with worry and emotional symptoms remain significant when the effect of emotional dysregulation was accounted for. However, the association between emotional dysregulation and worry become non-significant when the effect of metacognitive beliefs was controlled for. These results help clarify the unique contribution of metacognition and emotional dysregulation onGADand suggest that both variables should be integrated into a more comprehensive model and therapy for this anxiety disorder.</subfield>
   </datafield>
   <datafield ind1="8" ind2=" " tag="024">
      <subfield code="a">Salguero, J.M., Ramos-Cejudo, J. &amp; García-Sancho, E. Metacognitive Beliefs and Emotional Dysregulation Have a Specific Contribution on Worry and the Emotional Symptoms of Generalized Anxiety Disorder. J Cogn Ther 12, 179–190 (2019). https://doi.org/10.1007/s41811-019-00048-4</subfield>
   </datafield>
   <datafield ind1="8" ind2=" " tag="024">
      <subfield code="a">https://hdl.handle.net/10630/37332</subfield>
   </datafield>
   <datafield ind1="8" ind2=" " tag="024">
      <subfield code="a">10.1007/s41811-019-00048-4</subfield>
   </datafield>
   <datafield tag="653" ind2=" " ind1=" ">
      <subfield code="a">Metaconocimiento</subfield>
   </datafield>
   <datafield tag="653" ind2=" " ind1=" ">
      <subfield code="a">Trastornos de ansiedad</subfield>
   </datafield>
   <datafield ind2="0" ind1="0" tag="245">
      <subfield code="a">Contribution of metacognitive beliefs and emotional dysregulation on worry and the emotional symptoms of generalized anxiety disorder.</subfield>
   </datafield>
</record>
</metadata></record></GetRecord></OAI-PMH>